1809 1058 1066 1832 1068 1462 1374 1244 1870 1868 1099 1208 1923 1119 1102 1459 1638 1162 1901 1859 1916 1535 1431 1683 1166 1380 1651 1887 1215 1733 1857 1229 1709 1199 1384 1579 1379 1589 1893 1111 1823 1324 1079 1046 1217 1612 1972 1568 1231 1290 1826 1916 1985 1014 1776 1937 1617 1072 1472 1991 1898 1763 1443 1550 1098 1290 1711 1128 1710 1572 1269 1084 1769 1583 1275 1930 1176 1042 1023 1295 1434 1046 1792 1840 1318 1988 1920 1474 1228 1930 1631 1677 1552 1428 1313 1697 1308 1892 1918 BCNSPRNW ULIB Ver.6.0+V

เปลี่ยนเป็นภาษาไทย

Change to English
 แสดงรายละเอียดบรรณานุกรม
  กลับหน้าหลัก

Brief Record : Get Marc (ISO 2709) : E-mail record : QR code < ปิดหน้าต่าง
LEADER : 00000nam 2200000uu 4500
001    13399113584
003     ULIB
008    110429s2544||||th 000 0 tha d
020    9746520067
020    9789746520067
060 04 WO100^bต367พ 2544
100 0  วีรวัฒน์ เหลืองชนะ
245 00 ตำราพื้นฐานทางศัลยศาสตร์/^cบรรณาธิการ, วีรวัฒน์ เหลืองชนะ
246 30 วิทยาศาสตร์พื้นฐานทางศัลยศาสตร์ II
250    พิมพ์ครั้งที่ 1
260    กรุงเทพฯ :^bบุ๊คเน็ท,^c2544
300    635 หน้า :^bภาพประกอบ
650  7 ศัลยศาสตร์
995    ทศพร
999 ^a ใช้งานได้ทุกระบบ
รายการนี้ยังไม่มีแท็ก
คุณยังไม่ได้ล็อกอิน คุณสามารถมีกิจกรรมร่วมกับเว็บไซต์ได้ แต่ต้องล็อกอินก่อน ::
  ล็อกอิน

รายการสื่อสารสนเทศ

ลำดับที่ ประเภท เลขเรียก/บาร์โค้ด สถานที่ สถานะ
- ไม่พบข้อมูล -

รายการใกล้เคียง
    ผู้แต่ง [วีรวัฒน์ เหลืองชนะ]

    หัวเรื่อง [ศัลยศาสตร์]

BibComment


ยังไม่เคยถูกคอมเมนท์

คอมเมนท์ทรัพยากรรายการนี้
  คอมเมนท์: ตำราพื้นฐานทางศัล..


 Copyright 2026. Bcnsprnw @Library